000 02714cam a22006014i 4500
003 PE-LiUPU
005 20250731170438.0
008 150625s2003 mx a rb 000 0 spa d
020 _a9682430860
020 _a9789682430862
035 _a(Sirsi) i9789682430862
040 _aPE-LiUPU
_bspa
_cPE-LiUPU
_dPE-LiUPU
_erda
049 _aPRUA
082 0 4 _a150.9
_bK21
_221
100 1 _aKantor, Jacob Robert,
_eautor.
245 1 3 _aLa evolución científica de la psicología /
_cJacob Roberto, Kantor.
264 1 _aMéxico :
_bTrillas,
_c2003.
300 _a647 páginas :
_bilustraciones ;
_c25 centímetros.
336 _atext
_2rdacontent
337 _aunmediated
_2rdamedia
338 _avolume
_2rdacarrier
490 0 _aBiblioteca: conceptos y tópicos en la teoría de la conducta
504 _aIncluye referencias bibliográficas.
505 0 _aProblemas, procedimientos, perspectivas: orientación general -- Los orígenes históricos y culturales de la ciencia de la psicología -- La sistematización helénica de la psicología -- La extinción de la psicología sistemática -- La expansión Helenística y la difracción de la ciencia -- El departamento Helenístico-Romano de la naturaleza -- El renacimiento de la ciencia y la secularización del alma -- El alma como experiencia y existencia -- La psicocerebrología y las bases físicas de la mente -- Lo mental y lo matemático -- La psicología y la gestación de la biología -- La supuesta manipulación experimental de lo mental -- La mente en evolución -- La expansión y especialización de la psicología -- La revolución conductista -- La psicología como ciencia y como institución cultural general.
526 _aSEG68
526 _aSEG70
526 _aSEG69
526 _aSEG67
526 _aSEG43
526 _aP144
526 _aP143
526 _aP131
526 _aP122
526 _aP120
526 _aP117
526 _aP112
526 _aP110
526 _aP106
526 _aP101
526 _aP80
526 _aP59
526 _aP54
526 _aP35
526 _aP33
526 _aP30
541 _g0012-0003098;
650 0 4 _aPsicología
_xHistoría.
942 _2ddc
_cBOOK
949 _a150.9 K21
_wDEWEY
_c1
_i55338
_d2016-10-6
_e2016-10-2
_lCCODEBUL1
_mBUL
_n7
_p26.00
_r0
_sY
_tBOOK
_u2015-6-25
_xSALUD
_PP33
_0COMPRA
_o.STAFF. Colección Ciencias de la Salud
994 _aC0
_bPEPRU
596 _a1
999 _a150.9 K21
_wDEWEY
_c44247
_i55338
_d44247
_e2018-9-2
_f2021-11-3
_g5
_lCCODEBUL1
_mBUL
_n15
_p26.00
_q7
_r0
_sY
_tBOOK
_u2015-6-25
_xSALUD
_zP33
_0COMPRA
_o.STAFF. Colección Ciencias de la Salud
980 _81
_gALBERTO SANCHEZ Responsable de Automatización